Portieri che hanno segnato in Serie A - Statistics

Statistiche generali
  • Questo quiz è stato fatto 66 volte
  • Il punteggio medio è 2 su 5
Statistiche sulle risposte
Reti segnate Squadra Portiere % Corretto
1 Benevento Alberto Brignoli
95%
1 Reggina Massimo Taibi
42%
1 Cremonese Michelangelo Rampulla
37%
3 Como Antonio Rigamonti
7%
4 Modena; Lazio Lucidio Sentimenti
7%
Nessun quiz corrispondente trovato
Distribuzione punteggi
Percentuale di utenti per punteggio
Percentile per numero di risposta
I tuoi punteggi nel tempo
Non hai fatto questo quiz